000 00999nam a2200301 i 4500
001 bg
003 BPK
005 20190719115250.0
008 030825s2002 pl a f |000 0 pol
015 _aPB 2003/14475
020 _a8372590745
040 _aWA N
_cBPK
041 0 _apol
080 _a631.17
080 _a620.9
080 _a(075.8)
100 1 _aDreszer, Kazimierz Andrzej
_d(1943- ).
_eAutor
245 1 0 _aEnergetyka rolnictwa :
_bwybrane zagadnienia /
_cKazimierz A. Dreszer, Ignacy J. Niedziółka.
260 _aLublin :
_bWydaw. Akademii Rolniczej,
_ccop. 2002.
300 _a196 s. :
_bil. ;
_c24 cm.
504 _aBibliogr.
650 4 _aRolnictwo
_xenergetyka.
655 4 _aPodręczniki akademickie
700 1 _aNiedziółka, Ignacy
_d(1948- )
710 2 _aAkademia Rolnicza w Lublinie.
_bWydawnictwo.
_4pbl.
856 4 1 _uhttp://koha.tu.koszalin.pl/cgi-bin/koha/opac-detail.pl?biblionumber=54315
_yKatalog online BPK
942 _2UKD
_cKS
999 _c54315
_d54315